| 000 | 00829nam a2200265 i 4500 | ||
|---|---|---|---|
| 001 | bg | ||
| 100 | 1 |
_aNiemczyk, Roman _c(ekonomista). |
|
| 245 | 1 | 0 |
_aPrawo wekslowe i czekowe / _cRoman Niemczyk. |
| 260 |
_aBydgoszcz : _bOficyna Wydawnicza Ośrodka Postępu Organizacyjnego, _c2001. |
||
| 300 |
_a248, [2] s. : _bil. ; _c21 cm. |
||
| 490 | 1 |
_aBiblioteka Menedżera i Służby Pracowniczej, _vz. 193 |
|
| 504 | _aBibliogr. | ||
| 650 | 9 |
_aCzek _xprawo _zPolska _ystan na 2000 r. |
|
| 650 | 9 |
_aWeksel _xprawo _zPolska _ystan na 2000 r. |
|
| 830 | 0 |
_aBiblioteka Menedżera i Służby Pracowniczej _vz. 193 |
|
| 020 | _a837291012X | ||
| 040 | _cBPK | ||
| 041 | 0 | _apol | |
| 044 | _aPOL | ||
| 080 | _a347.745/.746 | ||
| 080 | _a347.748 | ||
| 920 | _a83-7291-012-X | ||
| 942 | _cKS | ||
| 008 | 130116s pl a f |000 0 pol | ||
| 999 |
_c53833 _d53833 |
||
| 856 |
_uhttp://koha.tu.koszalin.pl/cgi-bin/koha/opac-detail.pl?biblionumber=53833 _yKatalog online BPK |
||